[Event "Koeln"]
[Site "?"]
[Date "2000.??.??"]
[Round "?"]
[White "Kramnik, Vladimir"]
[Black "Leko, P."]
[Result "1-0"]
[WhiteElo "2770"]
[BlackElo "2740"]
[PlyCount "65"]
[EventDate "2000.??.??"]
[Source "Chess Informant"]
[SourceDate "2000.06.01"]

1. e4 c5 2. Nf3 e6 3. d4 cxd4 4. Nxd4 Nc6 5. Nc3 Qc7 6. Be2 a6 7. O-O b5 8. Nxc6 dxc6 9. Be3 Bb7 10. f4 c5 11. f5 Rd8 12. Qe1 Nf6 13. fxe6 fxe6 14. Bf4 e5 15. Bg5 Be7 16. a4 c4 17. axb5 axb5 18. Kh1 b4 19. Bxf6 Bxf6 20. Nd5 Bxd5 21. exd5 Qc5 22. Bh5+ Ke7 23. Qg3 g6 24. Rxf6 Kxf6 25. Rf1+ Kg7 26. Bxg6 hxg6 27. Qxe5+ Kg8 28. Qe6+ Kh7 29. Rf7+ Kh6 30. Qh3+ Kg5 31. Qg3+ Kh5 32. Qe5+ g5 33. Rg7 1-0

[Event "Buenos Aires"]
[Site "?"]
[Date "1994.??.??"]
[Round "?"]
[White "Anand, V."]
[Black "Ivanchuk, V."]
[Result "1/2-1/2"]
[WhiteElo "2720"]
[BlackElo "2695"]
[PlyCount "53"]
[EventDate "1994.??.??"]
[Source "ChessBase"]
[SourceDate "1994.10.01"]

1. e4 c5 2. Nf3 e6 3. Nc3 Nc6 4. d4 cxd4 5. Nxd4 Qc7 6. Be2 a6 7. O-O Nf6 8. Kh1 Nxd4 9. Qxd4 Bc5 10. Qd3 b5 11. f4 Bb7 12. Bf3 h5 13. e5 Ng4 14. Bxb7 Qxb7 15. Ne4 Be7 16. h3 Nh6 17. Be3 Nf5 18. Bf2 h4 19. c3 O-O 20. Rad1 Rfc8 21. Qf3 Rab8 22. b3 Rd8 23. Rd3 d6 24. exd6 Nxd6 25. Nxd6 Qxf3 26. Rxf3 Rxd6 27. Bc5 1/2-1/2

[Event "Istanbul (ol)"]
[Site "?"]
[Date "2000.??.??"]
[Round "?"]
[White "Adams, M."]
[Black "Stefansson, H."]
[Result "1-0"]
[WhiteElo "2755"]
[BlackElo "2555"]
[PlyCount "53"]
[EventDate "2000.??.??"]
[Source "Chess Informant"]
[SourceDate "2000.10.01"]

1. e4 c5 2. Nf3 Nc6 3. d4 cxd4 4. Nxd4 e6 5. Nc3 Qc7 6. f4 a6 7. Nxc6 Qxc6 8. Bd3 b5 9. Qe2 Bb7 10. Bd2 Be7 11. a3 Rc8 12. O-O Nf6 13. e5 Nd5 14. Ne4 f5 15. exf6 Nxf6 16. Ng5 O-O 17. Kh1 Bc5 18. Rae1 Bd4 19. Bc1 Rce8 20. c3 Ba7 21. Qc2 h6 22. Nf3 d6 23. Bg6 Re7 24. Nh4 e5 25. Bf5 Ree8 26. Ng6 exf4 27. Re7 1-0

[Event "Corr"]
[Site "?"]
[Date "1996.11.01"]
[Round "?"]
[White "Timmerman Gert Jan"]
[Black "Gefenas Vladas (LTU)"]
[Result "1-0"]
[WhiteElo "2725"]
[BlackElo "2575"]
[PlyCount "37"]
[EventDate "1996.??.??"]
[Source "www.chesslib.no"]
[SourceDate "2004.05.04"]

1. e4 c5 2. Nf3 e6 3. d4 cxd4 4. Nxd4 Nc6 5. Nc3 Qc7 6. f4 a6 7. Nxc6 bxc6 8. Bd3 d5 9. O-O Nf6 10. Qf3 Be7 11. Kh1 g6 12. Bd2 Bb7 13. Rae1 d4 14. Nd1 c5 15. b3 O-O 16. Qh3 a5 17. f5 exf5 18. exf5 Kh8 19. Bg5 1-0

[Event "CRO-chT"]
[Site "Pula"]
[Date "2000.09.13"]
[Round "3"]
[White "Morovic Fernandez, Ivan"]
[Black "Almasi, Zoltan"]
[Result "0-1"]
[WhiteElo "2608"]
[BlackElo "2668"]
[PlyCount "224"]
[EventDate "2000.09.??"]
[Source "www.chesslib.no"]
[SourceDate "2004.05.04"]

1. e4 c5 2. Nf3 Nc6 3. d4 cxd4 4. Nxd4 Qc7 5. Nc3 e6 6. Be2 a6 7. O-O Nf6 8. a3 Be7 9. Kh1 O-O 10. f4 d6 11. Bf3 Rd8 12. g4 d5 13. e5 Ne4 14. Nce2 Bd7 15. Be3 Na5 16. b3 Nc6 17. c4 Rac8 18. cxd5 exd5 19. b4 Qb8 20. Nxc6 bxc6 21. Rb1 Qc7 22. Qc2 a5 23. Rfc1 axb4 24. axb4 Rb8 25. Nd4 Bxb4 26. Nxc6 Bxc6 27. Qxc6 Qxc6 28. Rxc6 d4 29. Bxe4 dxe3 30. Bf3 Rd4 31. f5 Re8 32. e6 fxe6 33. fxe6 Bd6 34. Be2 Rd2 35. Bc4 g5 36. Re1 Bf4 37. e7+ Kg7 38. Re6 Rxh2+ 39. Kg1 Rh6 40. Re4 Rb6 41. Kg2 Rb7 42. Kf3 Rexe7 43. Rxe7+ Rxe7 44. Bd3 Rd7 45. Be2 Rd6 46. Rh1 Rd7 47. Bb5 Rd2 48. Be2 Rb2 49. Ra1 Rb7 50. Rh1 Rb8 51. Ra1 Kf6 52. Rh1 Rb7 53. Bd3 Rb3 54. Be2 Rb7 55. Bd3 Rd7 56. Ke2 Ra7 57. Kf3 Ke5 58. Be2 Kd4 59. Rc1 Rf7 60. Ra1 Kd5 61. Ra4 Rb7 62. Ra5+ Kd4 63. Ra4+ Kc3 64. Rc4+ Kb2 65. Rc5 Ra7 66. Ke4 Rd7 67. Kf3 Re7 68. Rc6 Kb3 69. Bc4+ Kb4 70. Be2 Ra7 71. Rc4+ Kb3 72. Rc5 Ra1 73. Rc6 Rh1 74. Ke4 Rh2 75. Kd3 Kb4 76. Rc8 Kb5 77. Rc7 Kb6 78. Rc2 Rh3 79. Ke4 Rh6 80. Kf3 Re6 81. Rc4 Kb7 82. Rc3 Rh6 83. Rc1 Rh2 84. Re1 h5 85. gxh5 Rxh5 86. Ke4 Rh2 87. Bf3 Kc7 88. Re2 Rh8 89. Ra2 Re8+ 90. Kf5 Kd6 91. Be2 Kd5 92. Ra7 Rh8 93. Rd7+ Kc5 94. Rd1 Rh2 95. Bf3 Kc4 96. Ke4 Kc3 97. Rc1+ Kd2 98. Rd1+ Kc2 99. Re1 Rh8 100. Re2+ Kc3 101. Ra2 Re8+ 102. Kf5 Rd8 103. Re2 Rd2 104. Re1 Kd3 105. Be4+ Kd4 106. Bf3 Rf2 107. Kg4 Kd3 108. Rd1+ Rd2 109. Re1 e2 110. Kh3 Ke3 111. Kg2 Rb2 112. Bg4 Bd6 0-1

[Event "FIDE WCh KO, Groning"]
[Site "?"]
[Date "1997.??.??"]
[Round "?"]
[White "Hracek Zbynek"]
[Black "Lautier Joel"]
[Result "0-1"]
[WhiteElo "2630"]
[BlackElo "2630"]
[PlyCount "49"]
[EventDate "1997.??.??"]
[Source "www.chesslib.no"]
[SourceDate "2004.05.04"]

1. e4 c5 2. Nc3 e6 3. Nge2 Nc6 4. d4 cxd4 5. Nxd4 Qc7 6. g3 a6 7. Bg2 d6 8. O-O Bd7 9. a4 Nf6 10. Nxc6 Bxc6 11. a5 Be7 12. Be3 O-O 13. Qe2 Nd7 14. Rfd1 Rac8 15. Bd4 Qxa5 16. Rd2 Qc5 17. Nd5 f6 18. Bh3 Kh8 19. Be3 e5 20. Rd4 Rc7 21. Qxa6 bxa6 22. b3 Qb4 23. Bc1 Nb8 24. Bb2 Qb5 25. g4 0-1

[Event "Dortmund"]
[Site "?"]
[Date "1995.??.??"]
[Round "?"]
[White "Leko, P."]
[Black "Lautier, J."]
[Result "1/2-1/2"]
[WhiteElo "2605"]
[BlackElo "2645"]
[PlyCount "48"]
[EventDate "1995.??.??"]
[Source "ChessBase"]
[SourceDate "1995.06.01"]

1. e4 c5 2. Nf3 e6 3. d4 cxd4 4. Nxd4 Nc6 5. Nc3 Qc7 6. g3 a6 7. Bg2 Nf6 8. O-O Bc5 9. Nb3 Ba7 10. Bg5 Ne5 11. Qe2 d6 12. Kh1 h6 13. Bxf6 gxf6 14. f4 Nc4 15. f5 Ne3 16. Rf3 Nxg2 17. Kxg2 Bd7 18. fxe6 fxe6 19. Rxf6 h5 20. Rd1 O-O-O 21. h4 Kb8 22. Nd4 Qc5 23. Nf3 Rhf8 24. Rxf8 Rxf8 1/2-1/2

[Event "Reykjavik ISL"]
[Site "Reykjavik ISL"]
[Date "1989.??.??"]
[Round "?"]
[White "Hjartarson, Johann"]
[Black "Ribli, Zoltan"]
[Result "0-1"]
[WhiteElo "2615"]
[BlackElo "2625"]
[PlyCount "78"]
[EventDate "1989.??.??"]
[Source "www.chesslib.no"]
[SourceDate "2004.05.04"]

1. e4 c5 2. Nf3 e6 3. d4 cxd4 4. Nxd4 Nc6 5. Nc3 Qc7 6. g3 a6 7. Bg2 Nf6 8. O-O Be7 9. Re1 O-O 10. Nxc6 dxc6 11. e5 Rd8 12. Qe2 Nd5 13. Nd1 b5 14. h4 Bb7 15. Qg4 c5 16. Bh6 Bf8 17. h5 Kh8 18. Bg5 Ne7 19. c3 h6 20. Bf4 Bxg2 21. Kxg2 Nd5 22. Bc1 c4 23. Qe4 Rac8 24. Ne3 f5 25. exf6 Nxf6 26. Qxe6 Qb7+ 27. Kg1 Rc5 28. Qh3 Rxh5 29. Qg2 Qc8 30. a4 b4 31. cxb4 Bxb4 32. Rf1 Bc5 33. a5 Rd3 34. Ra4 Qe6 35. Qf3 Re5 36. Rd1 Bxe3 37. Bxe3 Rxd1+ 38. Qxd1 Ng4 39. Ra3 Qf5 0-1